01119nam a2200169 i 450000100060000000300090000600500170001500700030003200800410003510000200007624501570009626000450025330000200029850505900031865000170090885200240092544826ES-MaACL20240229183435.0t|030324s1911 fr ||||1| fre d1 aCloquet, Louis.10aTraité de architecture b: ; Elements de l'architecture ; Types d'edifices ; Esthetique, composition et practique de l'architecture / cLouis Cloquet. a[Lille : bDesclée de Brouwer, c1911] a5 v. ; c25 cm.8 aContiene: V. I: Murs, voutes, arcades. -- V. II: Portes, fenètres, cheminees, charpente, menuioerie, planchers, escaliers, coiulles, couvertures. -- V. III: Hygiené de l'habitation. -- V. IV: Habitations privées et collections. Entrepots marchés et abatoirs. Bourses et banques. Escolas, bibliotheques et musees. Hotels de mille et maires. Parlaments et prefectures. Tribunause et prisous hispitause et hospices. Gares hotels du postes. Theatres panoramas, casinos, ciruqes, maneges, tirus, bains et Lavoirs. Tombeaux et cimetries. -- V. V: Esthetique composition et decoration04aArquitectura aES-MaACLjC-1940-44